rocket league rocket pass cars - Statistics

General Stats
  • This quiz has been taken 4 times
    3 since last reset
  • The average score is 12 of 47
Answer Stats
Hint Answer % Correct
S7 Tier 1 Maestro
67%
F2P S6 Tier 1 Nomad
67%
S2 Tier 1 Artemis
33%
S2 Tier 35 Artemis G1
33%
S2 Tier 70 Artemis GXT
33%
S5 Tier 1 Chikara
33%
S5 Tier 35 Chikara G1
33%
S5 Tier 70 Chikara GXT
33%
S9 Tier 1 Emperor
33%
S9 Tier 70 Emperor II
33%
S3 Tier 1 Guardian
33%
S3 Tier 35 Guardian G1
33%
S3 Tier 70 Guardian GXT
33%
F2P S1 Tier 1 Harbinger
33%
F2P S1 Tier 70 Harbinger GXT
33%
S1 Tier 1 Maverick
33%
S1 Tier 35 Maverick G1
33%
S1 Tier 70 Maverick GXT
33%
S4 Tier 1 Mudcat
33%
S4 Tier 35 Mudcat G1
33%
S4 Tier 70 Mudcat GXT
33%
F2P S5 Tier 1 Nexus
33%
F2P S5 Tier 70 Nexus SC
33%
F2P S6 Tier 70 Nomad GXT
33%
F2P S4 Tier 1 Outlaw
33%
F2P S4 Tier 70 Outlaw GXT
33%
S13 Tier 20 Primo
33%
F2P S2 Tier 1 R3MX
33%
F2P S2 Tier 70 R3MX GXT
33%
S6 Tier 1 Ronin
33%
S6 Tier 35 Ronin G1
33%
S6 Tier 70 Ronin GXT
33%
F2P S3 Tier 1 Tyranno
33%
F2P S3 Tier 70 Tyranno GXT
33%
S13 Tier 1 Ace
0%
S14 Tier 1 Admiral
0%
S9 Tier 95 Emperor II: Scorched
0%
S9 Tier 105 Emperor II: Thawed
0%
S8 Tier 1 Honda Civic RLE
0%
S8 Tier 35 Honda Civic Type R RLE
0%
S14 Tier 20 Mako
0%
S11 Tier 1 Nissan Silvia
0%
S11 Tier 35 Nissan Silvia RLE
0%
S12 Tier 1 Porsche 911
0%
S12 Tier 35 Porsche 911 Turbo
0%
S10 Tier 1 Volkswagen Golf GTI
0%
S10 Tier 35 Volkswagen Golf GTI RLE
0%
No matching quizzes found
Score Distribution
Percent of People with Each Score
Percentile by Number Answered
Your Score History
You have not taken this quiz since the last reset